| 000 -LEADER |
| fixed length control field |
01714pab a2200181 454500 |
| 008 - FIXED-LENGTH DATA ELEMENTS--GENERAL INFORMATION |
| fixed length control field |
180718b2008 xxu||||| |||| 00| 0 eng d |
| 100 ## - MAIN ENTRY--PERSONAL NAME |
| Personal name |
Viswanath, A. |
| 245 ## - TITLE STATEMENT |
| Title |
Building infrastructure through PPP model: Policy lessons from RGIA |
| 260 ## - PUBLICATION, DISTRIBUTION, ETC. |
| Date of publication, distribution, etc. |
2008 |
| 300 ## - PHYSICAL DESCRIPTION |
| Extent |
p.587-594. |
| 362 ## - DATES OF PUBLICATION AND/OR SEQUENTIAL DESIGNATION |
| Dates of publication and/or sequential designation |
Jul-Sep |
| 520 ## - SUMMARY, ETC. |
| Summary, etc. |
The Public Private Partnership (PPP) model in vogue in India is a policy outcome of a liberalised business environment. Aimed at encouraging private participation and partnership in augmenting infrastructure - especially in the aviation sector, it broadly lays emphasis on associating experienced business groups in this vital field. the experience shows that the Indian policy-makers welcomed the arrangement and facilitated policy implementation which resulted in construction of airports at Bengaluru, Hyderabad, Mumbai and Delhi. Crucial aspects are Concession Agreement with Government of India and state agreement with Government of Andhra Pradesh. New Concepts of Public Management like risk allocation to different partners - the GMR; the Airports Authority of India, the Government of India, the state government, the compulsion on the part of different partners to complete the assigned tasks within the timelines offers a challenge to theoreticians of New Public Management (NPM) and practicing administrators about the need for adoption of new methodological tools to assess the impact of such arrangements. The new airport that was build under PPP vastly improved the infrastructure in the aviation field. - Reproduced. |
| 650 ## - SUBJECT ADDED ENTRY--TOPICAL TERM |
| Topical term or geographic name entry element |
Public private partnership |
| 700 ## - ADDED ENTRY--PERSONAL NAME |
| Personal name |
Kumar, C. Jeevan |
| 773 ## - HOST ITEM ENTRY |
| Main entry heading |
Indian Journal of Public Administration |
| 908 ## - PUT COMMAND PARAMETER (RLIN) |
| Put command parameter |
N |
| 909 ## - |
| -- |
79877 |